Els Aparells dels velers : dels grans veleres i de les embarcacions / Joaquim Pla i Bartina dels grans veleres i de les embarcacions / Joaquim Pla i Bartina
ISBN:
978-84-613-9757-0
Descripción Física:
209 p. : fot. col. ; 28 cm
Otros Autores:
Museu de la Pesca (Palamós)
MARC
| LEADER | 00000nam a2200000Ia 4500 | ||
|---|---|---|---|
| 001 | 23089 | ||
| 008 | 160829s2010 xx 000 0 cat d | ||
| 020 | |a 978-84-613-9757-0 | ||
| 080 | |a C-3-342 | ||
| 100 | |a Pla i Bartina, Joaquim |9 43727 | ||
| 245 | |a Els Aparells dels velers : |b dels grans veleres i de les embarcacions / Joaquim Pla i Bartina | ||
| 260 | |a Barcelona : |b Museu Marítim de Barcelona : |b Museu de la Pesca, |c 2010 | ||
| 300 | |a 209 p. : |b fot. col. ; |c 28 cm | ||
| 590 | |a Bibliografia | ||
| 650 | |a Vaixells |x Maniobra |9 43728 | ||
| 650 | |a Aparell marítim |9 43729 | ||
| 650 | |a Velers |9 43730 | ||
| 700 | |a Museu de la Pesca (Palamós) |9 43731 | ||
| 710 | |a Museu Marítim (Barcelona, Catalunya) |9 10020 | ||
| 901 | |a Arxiu | ||
| 942 | |n 1 | ||
| 952 | |0 0 |1 0 |4 0 |6 C3342 |7 1 |9 51596 |a Arxiu |b Arxiu |d 2016-12-01 |l 0 |o C-3-342 |p 23089 |r 2016-12-01 00:00:00 |w 2016-12-01 |y ARXIU | ||
| 999 | |c 55441 |d 55441 | ||